00561nam a2200205Ia 4500003000400000005001700004008004100021020001500062040001800077041000800095082002500103100002400128245004800152250000800200260004500208300002700253650002100280650002900301650002500330OSt20220614114849.0210716s1998 xx 000 0 und d a8173710805 cAIMIT LIBRARY aeng a658.3124 21stbHARA aHardingham, Alison. aDesigning training /cBy Alison Hardingham. a1st aHyderabad :bUniversities Press ,c1998. avii, 128p. ;c22.5 cm. aTraining choices aThe politics of training aPlaying with process